000 00491nmm a2200157Ia 4500
008 251105s9999||||xx |||||||||||||||||und||
020 _a9788492616435
041 _aspa
100 _aAmin, Samir
245 0 _aLa crisis: salir de la crisis del capitalismo o salir del capitalismo en crisis
264 _a[Madrid, España] :
_bEl Viejo Topo,
_c2009
300 _a246 páginas
650 _aEconomics and Business
856 _uhttps://public.digitaliapublishing.com/a/57723
942 _cCF
999 _c88958
_d88958